[Event "Rated Blitz tournament 7sRlAOFn"]
[Site "?"]
[Date "2021.04.01"]
[Round "?"]
[White "cihanakif"]
[Black "Turkmentiger2020"]
[Result "0-1"]
[WhiteElo "2314"]
[BlackElo "2566"]
[PlyCount "38"]
[EventDate "2021.??.??"]
[EventType "blitz"]

1. e4 e5 2. Nf3 d5 3. Nxe5 Bd6 4. d4 Nf6 5. Bg5 h6 6. Bh4 O-O 7. exd5 Re8 8.
Bg3 Nbd7 9. Be2 Nxe5 10. dxe5 Bxe5 11. Bxe5 Rxe5 12. Nc3 Bg4 13. Qd4 Qe7 14. f3
Nxd5 15. Nxd5 Rxe2+ 16. Kf1 Qe5 17. Qxg4 Rxc2 18. Nf4 Qb5+ 19. Kg1 Qc5+ {Normal
} 0-1

[Event "Rated Blitz tournament MWeDG6ip"]
[Site "?"]
[Date "2021.04.01"]
[Round "?"]
[White "makeareason"]
[Black "cuerosky"]
[Result "1-0"]
[WhiteElo "2468"]
[BlackElo "2258"]
[PlyCount "101"]
[EventDate "2021.??.??"]
[EventType "blitz"]

1. e4 e5 2. Nf3 d5 3. Nxe5 Bd6 4. d4 dxe4 5. Nc3 Bxe5 6. dxe5 Qxd1+ 7. Kxd1 Nc6
8. Bf4 Nge7 9. Bb5 Bg4+ 10. Kc1 O-O-O 11. Nxe4 Nd4 12. Bd3 Ng6 13. Bg3 Rhe8 14.
f3 Bd7 15. f4 h5 16. Bf2 Nc6 17. g3 a6 18. b3 Nb4 19. Nc5 Nxd3+ 20. Nxd3 Bc6
21. Re1 Bd7 22. Kb2 Bf5 23. Rad1 h4 24. Nc5 hxg3 25. hxg3 a5 26. Kc3 b6 27.
Rxd8+ Rxd8 28. Ne4 Rh8 29. Ng5 Rh2 30. Re2 Bg4 31. Rd2 f6 32. exf6 gxf6 33. Ne4
f5 34. Nf6 Bf3 35. Kd4 Ne7 36. Ke5 Rh1 37. Ke6 Nc6 38. Kxf5 Ra1 39. a4 Bg2 40.
g4 Bh3 41. Ke4 Rf1 42. g5 Ne7 43. Kf3 Nf5 44. Ne4 Rh1 45. Ng3 Rh2 46. Nxf5 Bxf5
47. c3 c6 48. b4 Kb7 49. bxa5 bxa5 50. Rb2+ Kc7 51. Bb6+ {Normal} 1-0

[Event "Rated Blitz game"]
[Site "?"]
[Date "2021.04.01"]
[Round "?"]
[White "kahvitauko"]
[Black "Schachelite"]
[Result "1-0"]
[WhiteElo "2462"]
[BlackElo "2474"]
[PlyCount "41"]
[EventDate "2021.??.??"]
[EventType "blitz"]

1. e4 e5 2. Nf3 d5 3. exd5 e4 4. Qe2 Nf6 5. d3 Qxd5 6. Nc3 Bb4 7. dxe4 Bxc3+ 8.
bxc3 Qxe4 9. Ba3 Nc6 10. O-O-O Qxe2 11. Bxe2 Bd7 12. Ng5 h6 13. Nh3 O-O-O 14.
Nf4 g5 15. Nd3 Ne4 16. Bb2 Be6 17. f3 Rxd3 18. cxd3 Nf2 19. c4 Nxh1 20. Bxh8
Nf2 21. Rf1 {Normal} 1-0

[Event "Rated Blitz game"]
[Site "?"]
[Date "2021.04.01"]
[Round "?"]
[White "GNBuckley"]
[Black "zharari-9"]
[Result "0-1"]
[WhiteElo "2408"]
[BlackElo "2280"]
[PlyCount "72"]
[EventDate "2021.??.??"]
[EventType "blitz"]

1. e4 e5 2. Nf3 d5 3. exd5 Bd6 4. d4 e4 5. Ne5 Nf6 6. Bb5+ Nbd7 7. O-O h6 8. c4
O-O 9. Bxd7 Nxd7 10. Nxd7 Bxd7 11. c5 Be7 12. Nc3 f5 13. Bf4 Kh8 14. Be5 Bf6
15. Qb3 Rb8 16. Rad1 Re8 17. Bxf6 Qxf6 18. Nb5 Bxb5 19. Qxb5 a6 20. Qc4 b5 21.
Qb3 Rbd8 22. a4 Qf7 23. axb5 axb5 24. Qxb5 Qxd5 25. Qa5 c6 26. Qc3 f4 27. Rfe1
Re6 28. b4 Rde8 29. f3 e3 30. Re2 Rg6 31. Rf1 Rd8 32. Qc2 Rg5 33. Qe4 Qxd4 34.
Qxc6 Qd3 35. Rfe1 Qxe2 36. h4 Qxe1+ {Normal} 0-1

[Event "Rated Blitz game"]
[Site "?"]
[Date "2021.04.01"]
[Round "?"]
[White "donaldduk"]
[Black "Dzon_Vejn"]
[Result "1-0"]
[WhiteElo "2305"]
[BlackElo "2443"]
[PlyCount "127"]
[EventDate "2021.??.??"]
[EventType "blitz"]

1. e4 e5 2. Nf3 d5 3. Nxe5 Bd6 4. d4 dxe4 5. Nc4 Be7 6. Ne3 Nf6 7. Bc4 O-O 8.
O-O Nc6 9. c3 b6 10. a4 Na5 11. Ba2 c5 12. dxc5 bxc5 13. Nd2 Ba6 14. Re1 Bd3
15. Ndc4 Nc6 16. Bb1 Bxb1 17. Rxb1 Qc7 18. Qc2 Rfe8 19. Bd2 Bf8 20. Rbd1 g6 21.
Bc1 Rad8 22. Rxd8 Rxd8 23. Rd1 Rxd1+ 24. Qxd1 Ne5 25. Nxe5 Qxe5 26. Qd8 Kg7 27.
h3 Be7 28. Qd1 h5 29. Qb3 Qc7 30. Qc4 Qd7 31. Qe2 Qd3 32. Kf1 Qb1 33. Qd1 Qa2
34. Ke2 Ne8 35. Qc2 f5 36. b3 Qa1 37. Qb2 Qxb2+ 38. Bxb2 Kf7 39. c4 Bf6 40.
Bxf6 Nxf6 41. Kd2 a5 42. Kc3 Ke6 43. Nc2 Ke5 44. Ne3 f4 45. Nf1 g5 46. Kd2 g4
47. Ke2 f3+ 48. gxf3 gxh3 49. fxe4 Nxe4 50. f3 Nc3+ 51. Kd3 Nb1 52. Kc2 Kf4 53.
Kxb1 Kxf3 54. b4 axb4 55. a5 Kg2 56. a6 Kxf1 57. a7 h2 58. a8=Q Kg1 59. Qg8+
Kf2 60. Qf7+ Kg1 61. Qg6+ Kf1 62. Qf5+ Kg1 63. Qg5+ Kf1 64. Qf4+ {Time forfeit}
1-0

[Event "Rated Blitz game"]
[Site "?"]
[Date "2021.04.01"]
[Round "?"]
[White "IzkusniJorge"]
[Black "Schachelite"]
[Result "0-1"]
[WhiteElo "2382"]
[BlackElo "2434"]
[PlyCount "78"]
[EventDate "2021.??.??"]
[EventType "blitz"]

1. e4 e5 2. Nf3 d5 3. Nxe5 Bd6 4. d4 dxe4 5. Nc4 Nf6 6. Nc3 O-O 7. Nxd6 Qxd6 8.
Be2 Nc6 9. Be3 Rd8 10. Nb5 Qb4+ 11. c3 Qxb2 12. O-O a6 13. Nxc7 Nd5 14. Nxd5
Rxd5 15. Bc4 Rd8 16. Qh5 g6 17. Qh6 Qxc3 18. Bg5 Qxd4 19. Bxd8 Qxd8 20. Rad1
Qf8 21. Qf4 Bf5 22. g4 Qc5 23. gxf5 Qxc4 24. fxg6 hxg6 25. Rc1 Qxa2 26. Rfd1
Qe6 27. Rd6 Qe5 28. Qd2 a5 29. Rd5 Qe6 30. Rd1 a4 31. Qh6 a3 32. Rd6 Qg4+ 33.
Kf1 a2 34. Ra1 Qf3 35. Rxg6+ fxg6 36. Qxg6+ Kf8 37. Qd6+ Ne7 38. Qh6+ Kg8 39.
Qg5+ Kf7 {Normal} 0-1

[Event "Rated Blitz game"]
[Site "?"]
[Date "2021.04.01"]
[Round "?"]
[White "CACHS"]
[Black "KamranShirazi"]
[Result "1-0"]
[WhiteElo "2412"]
[BlackElo "2454"]
[PlyCount "107"]
[EventDate "2021.??.??"]
[EventType "blitz"]

1. e4 e5 2. Nf3 d5 3. exd5 e4 4. Qe2 Nf6 5. d3 Bb4+ 6. c3 O-O 7. dxe4 Bc5 8.
Bg5 Re8 9. Nbd2 h6 10. Bh4 g5 11. Bg3 Nxd5 12. Qc4 Ne3 13. fxe3 Bxe3 14. O-O-O
g4 15. Nd4 Nc6 16. Nxc6 bxc6 17. Qd3 Qg5 18. Kb1 Rb8 19. Nc4 Bc5 20. Qd2 Qg7
21. Bd3 Be6 22. Be5 Qg6 23. Bxc7 Rb7 24. Bf4 Rd8 25. Qc2 Rbd7 26. Ne5 Qf6 27.
Nxd7 Rxd7 28. Rhf1 Rb7 29. e5 Qe7 30. Be3 Bxe3 31. Bh7+ Kg7 32. Bf5 Bc4 33.
Rfe1 Bg5 34. e6 fxe6 35. Qe4 Bd5 36. Qd4+ Qf6 37. Bxe6 Bxg2 38. Bxg4 Qxd4 39.
Rxd4 Bd5 40. Be6 Bf6 41. Rg4+ Kh7 42. Bxd5 cxd5 43. Re3 Bg5 44. Rh3 Kg6 45. Rd3
Kf5 46. h3 Rb5 47. a4 Rc5 48. Rgd4 Ke6 49. b4 Rc7 50. Rxd5 Bf6 51. Kc2 Be5 52.
Rc5 Rg7 53. Kb3 Rg1 54. Kc4 {Time forfeit} 1-0

[Event "Rated Blitz game"]
[Site "?"]
[Date "2021.04.01"]
[Round "?"]
[White "TonioToro"]
[Black "Winquitter"]
[Result "1-0"]
[WhiteElo "2478"]
[BlackElo "2488"]
[PlyCount "129"]
[EventDate "2021.??.??"]
[EventType "blitz"]

1. e4 e5 2. Nf3 d5 3. exd5 e4 4. Qe2 Be7 5. Qxe4 Nf6 6. Qa4+ c6 7. dxc6 O-O 8.
cxb7 Bxb7 9. Be2 Re8 10. O-O Bd6 11. Qb3 Qc7 12. Ng5 Rxe2 13. h3 Nc6 14. Qc4
Rae8 15. Nc3 Re1 16. Nf3 Ne5 17. Qxc7 Nxf3+ 18. gxf3 Bxc7 19. Ne4 R1xe4 20.
fxe4 Rxe4 21. a4 Rh4 22. Ra3 Ng4 23. Re1 h5 24. Re8+ Kh7 25. Re7 Bh2+ 26. Kf1
Ba6+ 27. Kg2 Bd6 28. Rxa7 Bxa3 29. Rxa6 Bc5 30. hxg4 Rxg4+ 31. Kf1 h4 32. Ra5
Bb6 33. Rb5 Ba7 34. Rh5+ Kg6 35. Ra5 h3 36. Ke2 h2 37. Rxa7 h1=Q 38. Re7 Qxc1
39. Re3 Qxc2 40. Rc3 Qxa4 41. Rb3 Re4+ 42. Re3 Rxe3+ 43. fxe3 Qc2 44. b4 Qb2
45. Kd3 Qxb4 46. Kc2 Qb5 47. Kc3 Kf5 48. Kd4 Ke6 49. Kc3 Qd5 50. d4 Qd6 51. Kd3
Qc7 52. e4 Qb6 53. Ke3 Qa6 54. e5 Ke7 55. d5 Qa3+ 56. Kd4 Qa4+ 57. Kd3 Qa5 58.
Ke4 Qb5 59. Kd4 Qc5+ 60. Kxc5 Kd7 61. Kd4 Kc7 62. Ke4 Kd7 63. Kf5 f6 64. Kf4
fxe5+ 65. Kf3 {Time forfeit} 1-0

[Event "Rated Blitz game"]
[Site "?"]
[Date "2021.04.01"]
[Round "?"]
[White "PEDROPALTA"]
[Black "zakramnika"]
[Result "0-1"]
[WhiteElo "2547"]
[BlackElo "2563"]
[PlyCount "20"]
[EventDate "2021.??.??"]
[EventType "blitz"]

1. e4 e5 2. Nf3 d5 3. Nxe5 dxe4 4. d4 Nf6 5. Bc4 Be6 6. Bxe6 fxe6 7. O-O Bd6 8.
Nc3 Nbd7 9. Nc4 O-O 10. Re1 Qe8 {Time forfeit} 0-1

[Event "Rated Blitz game"]
[Site "?"]
[Date "2021.04.01"]
[Round "?"]
[White "BoomerRemover2003"]
[Black "GrandeGila"]
[Result "0-1"]
[WhiteElo "2331"]
[BlackElo "2476"]
[PlyCount "72"]
[EventDate "2021.??.??"]
[EventType "blitz"]

1. e4 e5 2. Nf3 d5 3. exd5 e4 4. Nd4 Qxd5 5. Nb3 Qe5 6. Nc3 Nc6 7. Be2 Nf6 8.
O-O Bd6 9. g3 O-O 10. d3 exd3 11. Bxd3 Bg4 12. Qd2 Rfe8 13. Qg5 Qe6 14. Bf4 h6
15. Qh4 Bh3 16. Bxd6 Bxf1 17. Rxf1 Qxd6 18. Rd1 Qb4 19. Qh3 Ne5 20. a3 Qe7 21.
Qf5 Nxd3 22. Rxd3 Rad8 23. Nc5 Rxd3 24. cxd3 b6 25. N5e4 Nxe4 26. dxe4 c6 27.
f4 Rd8 28. e5 Qc5+ 29. Kg2 Rd2+ 30. Kh3 Qc4 31. Qc8+ Kh7 32. Qf5+ g6 33. Qf6 h5
34. Ne4 Rxb2 35. Kh4 Rxh2+ 36. Kg5 Qe6 {Normal} 0-1

[Event "Rated Blitz game"]
[Site "?"]
[Date "2021.04.01"]
[Round "?"]
[White "ChessCraze04"]
[Black "Melladov"]
[Result "1-0"]
[WhiteElo "2586"]
[BlackElo "2611"]
[PlyCount "151"]
[EventDate "2021.??.??"]
[EventType "blitz"]

1. e4 e5 2. Nf3 d5 3. exd5 e4 4. Qe2 Nf6 5. d3 Qxd5 6. Nfd2 Be6 7. dxe4 Qd7 8.
f4 Bg4 9. Qb5 Nc6 10. h3 Nb4 11. Na3 Qxb5 12. Bxb5+ Bd7 13. Bc4 Bc6 14. c3 Na6
15. e5 Nh5 16. b4 O-O-O 17. O-O Ng3 18. Rf2 Bd5 19. Bxd5 Rxd5 20. Kh2 Nf5 21.
c4 Rd7 22. b5 Nc5 23. Nf3 Nd3 24. Rd2 Nxc1 25. Rxd7 Kxd7 26. Rxc1 Bxa3 27. Rc3
Bc5 28. g4 Ne3 29. Nd2 Kc8 30. Nb3 Nd1 31. Rc1 Be3 32. Rxd1 Bxf4+ 33. Kg2 Bxe5
34. Kf3 h5 35. g5 Re8 36. c5 g6 37. Re1 Re7 38. Re2 f6 39. Rg2 fxg5 40. Rxg5
Re6 41. Ke4 Bg7+ 42. Kd3 c6 43. b6 axb6 44. cxb6 Rd6+ 45. Kc4 Rf6 46. Ra5 Rf4+
47. Kd3 Rf3+ 48. Ke4 Rf7 49. a4 Re7+ 50. Kd3 Rd7+ 51. Kc4 Kb8 52. Rg5 Rd6 53.
Rg3 Be5 54. Re3 Rd5 55. Nc5 Kc8 56. Re4 g5 57. a5 g4 58. hxg4 hxg4 59. Rxg4 Bf6
60. Re4 Be5 61. Rh4 Rd1 62. Rg4 Rd8 63. Rg6 Rd4+ 64. Kb3 Rd8 65. Re6 Bd6 66.
Ne4 Bf8 67. Re5 Kd7 68. Ka4 Be7 69. a6 bxa6 70. Ka5 c5 71. Nxc5+ Kd6 72. Re6+
Kxc5 73. Rxe7 Kc6 74. Rc7+ Kd6 75. Rc1 Rh8 76. b7 {Time forfeit} 1-0

[Event "Rated Blitz game"]
[Site "?"]
[Date "2021.04.01"]
[Round "?"]
[White "Evgeny_Davidenko"]
[Black "anjaya01"]
[Result "1-0"]
[WhiteElo "2406"]
[BlackElo "2381"]
[PlyCount "77"]
[EventDate "2021.??.??"]
[EventType "blitz"]

1. e4 e5 2. Nf3 d5 3. Nxe5 Bd6 4. Nf3 dxe4 5. Qe2 Qe7 6. Nd4 a6 7. Nc3 f5 8. g3
c5 9. Nb3 b5 10. Bg2 h6 11. O-O Nf6 12. Re1 O-O 13. d3 b4 14. Nd1 Bb7 15. Ne3
f4 16. Nf5 Qd7 17. Nxd6 f3 18. Nxc5 Qxd6 19. Nxb7 Qc6 20. Bxf3 exf3 21. Qe6+
Qxe6 22. Rxe6 Nbd7 23. Na5 Rfe8 24. Rxe8+ Rxe8 25. Be3 Ng4 26. Nc4 g5 27. h3
Ngf6 28. a3 b3 29. cxb3 Nd5 30. b4 Ne5 31. Rd1 Nc6 32. g4 Kf7 33. Kh2 Ke6 34.
Kg3 Rf8 35. Re1 Kd7 36. Bc5 Rf6 37. Ne5+ Nxe5 38. Rxe5 Kc6 39. Rf5 {Normal} 1-0

[Event "Rated Blitz game"]
[Site "?"]
[Date "2021.04.01"]
[Round "?"]
[White "maldaj"]
[Black "annaly1979"]
[Result "1-0"]
[WhiteElo "2409"]
[BlackElo "2375"]
[PlyCount "83"]
[EventDate "2021.??.??"]
[EventType "blitz"]

1. e4 e5 2. Nf3 d5 3. exd5 e4 4. Qe2 f5 5. d3 Nf6 6. dxe4 fxe4 7. Nc3 Bb4 8.
Qb5+ c6 9. Qxb4 exf3 10. Bg5 a5 11. Qf4 O-O 12. Qxf3 Qb6 13. O-O-O Nxd5 14.
Nxd5 cxd5 15. Qxd5+ Be6 16. Qd4 Qxd4 17. Rxd4 Nc6 18. Rf4 h6 19. Rxf8+ Rxf8 20.
Be3 Bd5 21. a3 a4 22. Bb5 Bxg2 23. Rg1 Be4 24. Bxh6 Rxf2 25. Bxg7 Rxc2+ 26. Kd1
Rg2 27. Rxg2 Bxg2 28. Bc3 Kf7 29. Bxa4 Ke6 30. Kd2 Kd5 31. Ke3 Bh3 32. Kf4 Bf1
33. h4 b5 34. Bb3+ Bc4 35. Bxc4+ bxc4 36. h5 Ke6 37. h6 Ne7 38. h7 Ng6+ 39. Kg5
Kf7 40. h8=N+ Nxh8 41. Bxh8 Ke6 42. Kf4 {Normal} 1-0

[Event "Rated Blitz game"]
[Site "?"]
[Date "2021.04.01"]
[Round "?"]
[White "yuri5288"]
[Black "ferricerve"]
[Result "0-1"]
[WhiteElo "2441"]
[BlackElo "2483"]
[PlyCount "64"]
[EventDate "2021.??.??"]
[EventType "blitz"]

1. e4 e5 2. Nf3 d5 3. Nc3 d4 4. Ne2 Nc6 5. Ng3 Be7 6. Bc4 Nf6 7. d3 O-O 8. O-O
h6 9. h3 Kh7 10. a3 g6 11. Nh2 Be6 12. Bxe6 fxe6 13. f4 exf4 14. Bxf4 e5 15.
Bd2 Qd7 16. Qc1 h5 17. Nf3 Ng8 18. Ng5+ Bxg5 19. Bxg5 Qe6 20. Qd2 Qd6 21. Qe2
Kg7 22. Kh2 Rxf1 23. Nxf1 Rf8 24. Nd2 Nd8 25. Nc4 Qe6 26. a4 Nf7 27. Bd2 Nd6
28. Nxd6 cxd6 29. Rf1 Rxf1 30. Qxf1 Nh6 31. Bxh6+ Kxh6 32. Qf7 Qxf7 {Normal}
0-1

[Event "Rated Blitz tournament hI9RJo1w"]
[Site "?"]
[Date "2021.04.01"]
[Round "?"]
[White "LelegVinna"]
[Black "Maltinho"]
[Result "1/2-1/2"]
[WhiteElo "2506"]
[BlackElo "2568"]
[PlyCount "55"]
[EventDate "2021.??.??"]
[EventType "blitz"]

1. e4 e5 2. Nf3 d5 3. exd5 Bd6 4. Bb5+ c6 5. dxc6 Nxc6 6. d3 Nf6 7. Bg5 Bg4 8.
Nbd2 O-O 9. a4 Nd4 10. h3 Bh5 11. g4 Bg6 12. Nxd4 exd4 13. Ne4 Re8 14. O-O Bxe4
15. dxe4 Rxe4 16. Bd3 Re8 17. Qf3 h6 18. Bxf6 Qxf6 19. Qxf6 gxf6 20. Rfe1 Bb4
21. Re4 Rxe4 22. Bxe4 Rc8 23. Rd1 Bc5 24. b3 b6 25. Kg2 a5 26. Rd3 Re8 27. Kf3
Kg7 28. Bf5 {Normal} 1/2-1/2

[Event "Rated Blitz game"]
[Site "?"]
[Date "2021.03.31"]
[Round "?"]
[White "SweetChinMusic_04"]
[Black "annaly1979"]
[Result "1-0"]
[WhiteElo "2423"]
[BlackElo "2407"]
[PlyCount "85"]
[EventDate "2021.??.??"]
[EventType "blitz"]

1. e4 e5 2. Nf3 d5 3. exd5 e4 4. Nd4 c5 5. Nb3 f5 6. Nc3 Nf6 7. d3 Bd6 8. Bg5
O-O 9. Be2 Qe8 10. Qd2 Nbd7 11. O-O-O a6 12. Rde1 b5 13. dxe4 fxe4 14. f3 b4
15. Nxe4 Nxe4 16. fxe4 Ne5 17. Rhf1 Bd7 18. Be3 Qe7 19. Na5 c4 20. Nxc4 Nxc4
21. Bxc4 Qxe4 22. Bb3 a5 23. Rxf8+ Rxf8 24. Bc5 Qf4 25. Qxf4 Bxf4+ 26. Kb1 Rc8
27. d6+ Kh8 28. g3 Bd2 29. Re7 Rxc5 30. Rxd7 Bg5 31. a3 bxa3 32. bxa3 h5 33.
Rb7 Re5 34. d7 Re1+ 35. Kb2 Bf6+ 36. c3 Re2+ 37. Kc1 Bg5+ 38. Kd1 Rd2+ 39. Ke1
Rd3 40. Rb8+ Kh7 41. Bc2 Bd2+ 42. Ke2 Bxc3 43. Bxd3+ {Normal} 1-0

[Event "Rated Blitz game"]
[Site "?"]
[Date "2021.03.31"]
[Round "?"]
[White "Shustrick"]
[Black "GrandeGila"]
[Result "0-1"]
[WhiteElo "2342"]
[BlackElo "2435"]
[PlyCount "96"]
[EventDate "2021.??.??"]
[EventType "blitz"]

1. e4 e5 2. Nf3 d5 3. Nxe5 Bd6 4. d4 dxe4 5. Bf4 Nc6 6. Nc3 Nf6 7. Bc4 O-O 8.
O-O Qe7 9. Nxc6 bxc6 10. Bg5 h6 11. Bh4 g5 12. Bg3 Bg4 13. Qe1 Rfe8 14. Qe3
Rab8 15. Bb3 Nh5 16. Rae1 Bf5 17. d5 c5 18. Ba4 Bf4 19. Qe2 Bg6 20. Bxe8 Rxe8
21. Qc4 Kg7 22. Na4 Bd6 23. Qc3+ Kh7 24. Re3 f5 25. Bxd6 cxd6 26. Qc4 Qf7 27.
Rb3 f4 28. Rb5 Re7 29. Rb8 Nf6 30. Qc3 Re5 31. Rd1 Nxd5 32. Qc4 Bf5 33. Qb3 Kg6
34. Rb7 Qg8 35. Nc3 Be6 36. Qb5 e3 37. fxe3 fxe3 38. Re1 Nxc3 39. bxc3 Bxa2 40.
Rd7 Qe6 41. Qc6 Rd5 42. Qc7 e2 43. Rg7+ Kh5 44. h3 Qe3+ 45. Kh2 Qf4+ 46. Kg1
Qg3 47. Qf7+ Kh4 48. Qf2 Rd1 {Time forfeit} 0-1

[Event "Rated Blitz game"]
[Site "?"]
[Date "2021.03.31"]
[Round "?"]
[White "karaoke2168"]
[Black "KamranShirazi"]
[Result "1-0"]
[WhiteElo "2375"]
[BlackElo "2479"]
[PlyCount "105"]
[EventDate "2021.??.??"]
[EventType "blitz"]

1. e4 e5 2. Nf3 d5 3. Nxe5 Bd6 4. d4 dxe4 5. Nc4 Be7 6. Nc3 Nf6 7. Bg5 O-O 8.
Be2 Bf5 9. O-O Re8 10. Ne3 Bg6 11. Bxf6 Bxf6 12. Ncd5 Bg5 13. c4 c6 14. Nc3 Bf6
15. d5 Bxc3 16. bxc3 Na6 17. Qb3 Nc5 18. Qb4 Qc8 19. Qxc5 Re5 20. Rad1 h6 21.
Qd6 Re8 22. Bg4 Qb8 23. Qxb8 Raxb8 24. d6 Rbd8 25. c5 Re5 26. Rb1 f5 27. Be2
Rxc5 28. Rfd1 b6 29. Bc4+ Kf8 30. Rd4 f4 31. Ng4 Rg5 32. f3 c5 33. Rd5 exf3 34.
Rxg5 hxg5 35. Ne5 Bxb1 36. d7 Bf5 37. Bb5 a6 38. Bc6 Ke7 39. Ba4 Bxd7 40. Bxd7
Rxd7 41. Nxd7 Kxd7 42. gxf3 b5 43. Kf2 a5 44. Ke2 Kd6 45. Kd3 Kd5 46. c4+ bxc4+
47. Kc3 a4 48. a3 g4 49. fxg4 f3 50. Kd2 c3+ 51. Ke3 f2 52. Kxf2 c2 53. Ke2 {
Time forfeit} 1-0

[Event "Rated Blitz game"]
[Site "?"]
[Date "2021.03.31"]
[Round "?"]
[White "micfel"]
[Black "annaly1979"]
[Result "0-1"]
[WhiteElo "2365"]
[BlackElo "2401"]
[PlyCount "58"]
[EventDate "2021.??.??"]
[EventType "blitz"]

1. e4 e5 2. Nf3 d5 3. Nxe5 Qe7 4. d4 f6 5. Nf3 dxe4 6. Nfd2 f5 7. Nc4 Nf6 8.
Bg5 Nc6 9. c3 Be6 10. Nbd2 Qf7 11. Qa4 O-O-O 12. O-O-O Be7 13. Ne5 Nxe5 14.
dxe5 Nd5 15. Bxe7 Qxe7 16. Qxa7 Nb6 17. a4 f4 18. a5 e3 19. fxe3 fxe3 20. axb6
exd2+ 21. Kb1 cxb6 22. Qxb6 Kb8 23. Qe3 Qd7 24. Be2 Bb3 25. Qc5 Qf5+ 26. Ka1
Rd5 27. Qb4 Bxd1 28. Rxd1 Qxe5 29. Ka2 Qxe2 {Normal} 0-1

[Event "Rated Blitz game"]
[Site "?"]
[Date "2021.03.31"]
[Round "?"]
[White "Spanyard"]
[Black "DonCroccante"]
[Result "0-1"]
[WhiteElo "2463"]
[BlackElo "2381"]
[PlyCount "28"]
[EventDate "2021.??.??"]
[EventType "blitz"]

1. e4 e5 2. Nf3 d5 3. exd5 e4 4. Qe2 Nf6 5. Nc3 Be7 6. Nxe4 O-O 7. d3 Nxd5 8.
Qd1 f5 9. Ng3 g5 10. Be2 g4 11. Nd2 f4 12. Nge4 f3 13. gxf3 Nf4 14. fxg4 Ng2+ {
Normal} 0-1

[Event "Rated Blitz game"]
[Site "?"]
[Date "2021.03.31"]
[Round "?"]
[White "Striker17TR"]
[Black "Dzon_Vejn"]
[Result "0-1"]
[WhiteElo "2354"]
[BlackElo "2426"]
[PlyCount "76"]
[EventDate "2021.??.??"]
[EventType "blitz"]

1. e4 e5 2. Nf3 d5 3. Nxe5 Bd6 4. d4 dxe4 5. Nc4 Be7 6. Nc3 Nf6 7. Be2 O-O 8.
O-O Bf5 9. Ne3 Bg6 10. b3 Nc6 11. d5 Ne5 12. Bb2 Bd6 13. h3 a6 14. a4 Re8 15.
Qd2 h6 16. Rad1 Qd7 17. Qc1 Rad8 18. Na2 a5 19. c4 b6 20. Nc3 Nh7 21. Nb5 Bc5
22. Bd4 Qe7 23. Qb2 f6 24. Bxe5 fxe5 25. Bg4 Nf8 26. Bf5 Bxf5 27. Nxf5 Qg5 28.
Nxc7 Qxf5 29. Nxe8 Rxe8 30. Kh1 Ng6 31. d6 Rd8 32. Rd5 Qe6 33. Rfd1 Rd7 34. Qe2
Nf4 35. Qxe4 Nxd5 36. Rxd5 Rxd6 37. Rxe5 Rd1+ 38. Kh2 Bd6 {Normal} 0-1

[Event "Rated Rapid game"]
[Site "?"]
[Date "2021.03.31"]
[Round "?"]
[White "Nightrain20"]
[Black "Boris-Trapsky"]
[Result "1-0"]
[WhiteElo "2321"]
[BlackElo "2454"]
[PlyCount "125"]
[EventDate "2021.??.??"]
[EventType "rapid"]

1. e4 e5 2. Nf3 d5 3. exd5 Qxd5 4. Nc3 Qe6 5. d3 Nc6 6. Be2 h6 7. O-O Bd6 8. d4
Nxd4 9. Nxd4 exd4 10. Qxd4 c5 11. Bb5+ Kf8 12. Qd1 Qe7 13. Re1 Be6 14. g3 h5
15. Nd5 Bg4 16. Nxe7 Bxd1 17. Nf5 Bxc2 18. Nxd6 a6 19. Bc4 b5 20. Bb3 Bxb3 21.
axb3 Ne7 22. Nxb5 h4 23. Bg5 f6 24. Be3 Rb8 25. Bxc5 Rxb5 26. Bxe7+ Kf7 27.
Rxa6 Rxb3 28. Ra7 Kg6 29. gxh4 Rxb2 30. Bd6 Rxh4 31. Ree7 Rh7 32. Kg2 Rb3 33.
Bc5 Rb1 34. Rec7 Rc1 35. Bf8 Rxc7 36. Rxc7 Kf5 37. Bd6 Kg6 38. Bf8 Kh5 39. Rxg7
Rxg7+ 40. Bxg7 Kg5 41. Kg3 Kf5 42. h4 Kg6 43. Bxf6 Kxf6 44. Kg4 Ke7 45. Kf5 Kf7
46. h5 Kg8 47. Kg6 Kh8 48. f4 Kg8 49. f5 Kh8 50. f6 Kg8 51. f7+ Kf8 52. h6 Ke7
53. Kg7 Kd6 54. f8=Q+ Ke5 55. Qf6+ Ke4 56. Kg6 Kd3 57. h7 Ke4 58. h8=Q Ke3 59.
Qe8+ Kd2 60. Qd6+ Kc3 61. Qc8+ Kb2 62. Qb6+ Ka3 63. Qa8# {Normal} 1-0

[Event "Rated Blitz game"]
[Site "?"]
[Date "2021.03.31"]
[Round "?"]
[White "rumiek"]
[Black "annaly1979"]
[Result "1-0"]
[WhiteElo "2378"]
[BlackElo "2408"]
[PlyCount "53"]
[EventDate "2021.??.??"]
[EventType "blitz"]

1. e4 e5 2. Nf3 d5 3. exd5 e4 4. Nd4 c5 5. Nb3 f5 6. d4 b6 7. c4 Nf6 8. Be2 Bd6
9. dxc5 O-O 10. cxd6 Qxd6 11. g3 Nbd7 12. Bf4 Qe7 13. O-O Ne5 14. Nc3 Bd7 15.
Qd4 Ng6 16. Bg5 Rac8 17. Rac1 Qd6 18. Rfd1 Ne5 19. Bf4 Rce8 20. c5 bxc5 21.
Nxc5 Bc8 22. Nb5 Qb8 23. Bxe5 Rxe5 24. d6 Rd5 25. Bc4 Qxb5 26. Bxb5 Rxd4 27.
Rxd4 {Normal} 1-0

[Event "Rated Blitz game"]
[Site "?"]
[Date "2021.03.31"]
[Round "?"]
[White "mohammedarrami"]
[Black "DonCroccante"]
[Result "1-0"]
[WhiteElo "2543"]
[BlackElo "2368"]
[PlyCount "67"]
[EventDate "2021.??.??"]
[EventType "blitz"]

1. e4 e5 2. Nf3 d5 3. exd5 e4 4. Qe2 Nf6 5. Nc3 Be7 6. Nxe4 O-O 7. d3 Nxd5 8.
Qd1 f5 9. Ng3 g5 10. Be2 Bf6 11. d4 Nc6 12. O-O g4 13. Ne5 Nxe5 14. dxe5 Bxe5
15. Bc4 c6 16. Re1 Bc7 17. Bh6 Rf7 18. Nh5 Bd7 19. Bxd5 cxd5 20. Qxd5 Qh4 21.
Qb3 Qxh5 22. g3 Re8 23. Qxb7 Bb6 24. Bf4 Qg6 25. Qd5 Bc6 26. Rxe8+ Bxe8 27. Re1
Bc6 28. Qb3 Kg7 29. Be5+ Kh6 30. Bf4+ Kh5 31. Re6 Rf6 32. Re2 Qf7 33. Qxf7+
Rxf7 34. Re6 {Time forfeit} 1-0

[Event "Rated Blitz game"]
[Site "?"]
[Date "2021.03.31"]
[Round "?"]
[White "gmftorres1"]
[Black "DonCroccante"]
[Result "1-0"]
[WhiteElo "2490"]
[BlackElo "2374"]
[PlyCount "41"]
[EventDate "2021.??.??"]
[EventType "blitz"]

1. e4 e5 2. Nf3 d5 3. Nxe5 Bd6 4. d4 dxe4 5. Nc4 Nf6 6. Nc3 Nc6 7. Be2 Bb4 8.
Be3 Nd5 9. Bd2 Bxc3 10. bxc3 e3 11. Nxe3 Nf4 12. Bf3 O-O 13. O-O Qh4 14. Rb1 a5
15. a4 Ra6 16. Rb5 Ne7 17. g3 Qh3 18. Bg4 Bxg4 19. Qxg4 Ne2+ 20. Qxe2 Rh6 21.
f4 {Normal} 1-0

[Event "Rated Blitz game"]
[Site "?"]
[Date "2021.03.31"]
[Round "?"]
[White "H-HH"]
[Black "Dzon_Vejn"]
[Result "1-0"]
[WhiteElo "2431"]
[BlackElo "2436"]
[PlyCount "101"]
[EventDate "2021.??.??"]
[EventType "blitz"]

1. e4 e5 2. Nf3 d5 3. exd5 e4 4. Qe2 Nf6 5. Nc3 Be7 6. Nxe4 O-O 7. d3 Nxd5 8.
Qd1 Re8 9. Be2 Nc6 10. O-O Bf5 11. c3 Bf8 12. Bg5 f6 13. Bd2 Bxe4 14. dxe4 Rxe4
15. Bd3 Re8 16. Qc2 g6 17. Rad1 Qe7 18. Bc4 Rad8 19. a4 Kg7 20. Rfe1 Qc5 21.
Ba2 a5 22. Bc1 Ndb4 23. Qb3 Nxa2 24. Qxa2 Bd6 25. Qb3 b6 26. Be3 Qf5 27. Qc4
Ne5 28. Nxe5 Rxe5 29. g3 Rde8 30. Rf1 h5 31. Bxb6 Re4 32. Qb5 R8e5 33. Qc6 h4
34. Bxc7 Qf3 35. Qxd6 h3 36. Qd7+ Kg8 37. Qxh3 Rh5 38. Qg2 Qf5 39. Rfe1 Rxe1+
40. Rxe1 Kg7 41. Qe4 Qc5 42. Bf4 Rd5 43. Qe7+ Kg8 44. Qxc5 Rxc5 45. Re6 Kf7 46.
Rb6 g5 47. Be3 Rd5 48. Bd4 f5 49. Rb5 Ke7 50. Rxd5 Ke6 51. Rxa5 {Normal} 1-0